000 00565nam a2200205Ia 4500
003 OSt
005 20230405103944.0
008 210423s2007 xx 000 0 und d
020 _a8130904470
040 _cAL
041 _aeng
082 _a809.935 BLOH
100 _aBLOOM (Harold),Ed.
_983110
245 _aViva blooms notes Jonathan Swifts Gullivers travels.
260 _aNew Delhi
_bViva Books Pvt Ltd
_c2007
300 _a77
_bPB
365 _b70
_cINR
906 _ablooms ; Gullivers ; Jonathan ; notes ; Swifts ; travels. ; Viva
942 _2ddc
_cBK
999 _c158085
_d158085